[Event "16. Obert Internacional Sant Martí 2014"]
[Site "Barcelona ESP"]
[Date "2014.07.17"]
[Round "5.38"]
[White "Matsenko, Elena"]
[Black "Capellades Subirana, Marc"]
[Result "1-0"]
[WhiteElo "1929"]
[BlackElo "2211"]
[PlyCount "131"]
[EventDate "2014.07.13"]
[EventType "swiss"]
[EventRounds "9"]
[EventCountry "ESP"]
[Source "lmi"]
[SourceDate "2014.07.13"]

1. e4 e5 2. Nf3 Nc6 3. Bb5 Nf6 4. d3 Bc5 5. c3 O-O 6. Nbd2 d5 7. Qe2 Nh5 8. Nb3
Bb6 9. Bxc6 bxc6 10. Nxe5 Qf6 11. d4 Nf4 12. Qf3 g5 13. exd5 Re8 14. O-O cxd5
15. Bxf4 gxf4 16. Rfe1 Be6 17. Nd3 Kh8 18. Qxf4 Qg7 19. Re3 f6 20. Rae1 Rg8 21.
Rg3 Qf7 22. Nbc5 Rxg3 23. hxg3 Re8 24. Nxe6 Rxe6 25. Rxe6 Qxe6 26. Qe3 Qf5 27.
Qf3 Qg6 28. Nf4 Qb1+ 29. Kh2 c6 30. Nh5 Bd8 31. Qg4 Qg6 32. Qxg6 hxg6 33. Nf4
g5 34. Nd3 a5 35. Kh3 Kg7 36. g4 Bc7 37. g3 Kf7 38. Kg2 Ke6 39. f4 Bd6 40. Kf3
Kd7 41. a4 Kc7 42. Ke3 Kb6 43. b4 Be7 44. Nc5 Bd8 45. bxa5+ Ka7 46. a6 Be7 47.
Kd3 Bd6 48. Ne6 Be7 49. c4 dxc4+ 50. Kxc4 Kxa6 51. d5 cxd5+ 52. Kxd5 Ka5 53.
Nd4 Kxa4 54. Ke6 Bd8 55. Ne2 Kb4 56. Kd7 Bb6 57. Ke7 Kc4 58. Kxf6 Kd3 59. Nc1+
Ke3 60. Kxg5 Kf3 61. Kf5 Kxg3 62. g5 Kh4 63. Nd3 Kh5 64. g6 Kh6 65. Kf6 Bc7 66.
g7 1-0

[Event "16. Obert Internacional Sant Martí 2014"]
[Site "Barcelona ESP"]
[Date "2014.07.17"]
[Round "5.39"]
[White "Cortes Orihuela, Javier"]
[Black "Magallanes, Gustavo"]
[Result "1/2-1/2"]
[WhiteElo "2155"]
[BlackElo "1969"]
[PlyCount "58"]
[EventDate "2014.07.13"]
[EventType "swiss"]
[EventRounds "9"]
[EventCountry "ESP"]
[Source "lmi"]
[SourceDate "2014.07.13"]

1. d4 Nf6 2. c4 c5 3. d5 b5 4. cxb5 a6 5. f3 d6 6. e4 g6 7. Na3 Bg7 8. Ne2 O-O
9. Nc3 Nbd7 10. Be2 Nb6 11. O-O Ne8 12. Be3 Nc7 13. Qd2 e6 14. dxe6 Nxe6 15.
Rfd1 Nd4 16. Bf1 d5 17. Nc2 Nxc2 18. Qxc2 d4 19. Bf2 Qe7 20. Nd5 Nxd5 21. exd5
Qd6 22. Rac1 Qxd5 23. Qxc5 Qxc5 24. Rxc5 axb5 25. a3 d3 26. Rxb5 Ba6 27. Rd5
Bxb2 28. Bxd3 Bxd3 29. R5xd3 Rxa3 1/2-1/2

[Event "16. Obert Internacional Sant Martí 2014"]
[Site "Barcelona ESP"]
[Date "2014.07.17"]
[Round "5.40"]
[White "Yapar, Nedim"]
[Black "Bru Rullo, Llatzer"]
[Result "1/2-1/2"]
[WhiteElo "1971"]
[BlackElo "2152"]
[PlyCount "44"]
[EventDate "2014.07.13"]
[EventType "swiss"]
[EventRounds "9"]
[EventCountry "ESP"]
[Source "lmi"]
[SourceDate "2014.07.13"]

1. e4 e5 2. Nf3 Nc6 3. Bb5 a6 4. Ba4 Nf6 5. d4 exd4 6. O-O b5 7. Bb3 Be7 8. e5
Ne4 9. Bd5 Nc5 10. Nxd4 Bb7 11. Nf5 O-O 12. Qg4 g6 13. Re1 Ne6 14. Nc3 Kh8 15.
Nxe7 Qxe7 16. a3 Rab8 17. Bh6 Rfe8 18. Rad1 b4 19. axb4 Nxb4 20. Bb3 Bc6 21.
Ne4 Bxe4 22. Rxe4 Nc6 1/2-1/2

[Event "16. Obert Internacional Sant Martí 2014"]
[Site "Barcelona ESP"]
[Date "2014.07.17"]
[Round "5.41"]
[White "Vigo Allepuz, David"]
[Black "Alfara Ayllon, Jose Luis"]
[Result "1/2-1/2"]
[WhiteElo "2085"]
[BlackElo "1942"]
[PlyCount "117"]
[EventDate "2014.07.13"]
[EventType "swiss"]
[EventRounds "9"]
[EventCountry "ESP"]
[Source "lmi"]
[SourceDate "2014.07.13"]

1. d4 d5 2. Bg5 Nd7 3. Nf3 Ngf6 4. e3 e6 5. Bd3 Be7 6. Nbd2 O-O 7. O-O b6 8. c4
c5 9. Rc1 Bb7 10. Qc2 h6 11. Bf4 Rc8 12. Qb1 Re8 13. h3 a6 14. Rfe1 dxc4 15.
Bxc4 cxd4 16. exd4 Bb4 17. a3 Bxd2 18. Bxd2 Bxf3 19. gxf3 Nb8 20. Qd3 b5 21.
Bb3 Nc6 22. Be3 Ne5 23. Qe2 Ng6 24. Rc5 Nd5 25. Bxd5 exd5 26. Rec1 Qd7 27. Qf1
Nh4 28. Kh1 Qf5 29. Qg1 Qxf3+ 30. Kh2 Rxc5 31. dxc5 Qe2 32. Kh1 Qf3+ 33. Kh2 d4
34. Bxh6 Nf5 35. Bg5 Re2 36. Rf1 Rxb2 37. Qg2 Qxg2+ 38. Kxg2 Rc2 39. Rc1 Rxc1
40. Bxc1 Kf8 41. Kf3 Ke8 42. Ke4 g6 43. Kd5 Kd7 44. c6+ Kc8 45. Kc5 d3 46. Bd2
Nh4 47. Kb6 Nf3 48. Be3 d2 49. Bxd2 Nxd2 50. Kxa6 Nc4 51. Kxb5 Nxa3+ 52. Kb4
Nc2+ 53. Kc3 Ne1 54. Kd4 f6 55. Kd5 f5 56. Ke5 Nd3+ 57. Kf6 Nxf2 58. Kxg6 f4
59. Kf5 1/2-1/2

[Event "16. Obert Internacional Sant Martí 2014"]
[Site "Barcelona ESP"]
[Date "2014.07.17"]
[Round "5.42"]
[White "Perpinya Rofes, Lluis Maria"]
[Black "Julian Barrachina, Lluis"]
[Result "1-0"]
[WhiteElo "2400"]
[BlackElo "2125"]
[PlyCount "83"]
[EventDate "2014.07.13"]
[EventType "swiss"]
[EventRounds "9"]
[EventCountry "ESP"]
[Source "lmi"]
[SourceDate "2014.07.13"]

1. e4 e5 2. Nf3 Nc6 3. Bb5 a6 4. Ba4 d6 5. Bxc6+ bxc6 6. d4 f6 7. Be3 Ne7 8.
O-O Ng6 9. Nc3 Be7 10. Qd3 a5 11. Qc4 Qd7 12. Rfd1 Ba6 13. Qb3 Qc8 14. a3 Qb7
15. Qa2 Bb5 16. h4 h5 17. dxe5 dxe5 18. Rd2 Qa6 19. Nxb5 cxb5 20. Rad1 Rd8 21.
Rxd8+ Bxd8 22. Qd5 Be7 23. Qd7+ Kf7 24. Qd5+ Ke8 25. Nd2 c6 26. Qd3 Nf8 27. c4
b4 28. axb4 axb4 29. Nb3 Ne6 30. Ra1 Qc8 31. Ra7 Kf7 32. Qd1 Rd8 33. Qxh5+ Kf8
34. Qh8+ Kf7 35. Qh5+ Kf8 36. Nc5 Nf4 37. Bxf4 exf4 38. Qh8+ Kf7 39. Qh5+ Kf8
40. Rc7 Qa8 41. Ne6+ Kg8 42. Rxe7 1-0

[Event "16. Obert Internacional Sant Martí 2014"]
[Site "Barcelona ESP"]
[Date "2014.07.17"]
[Round "5.43"]
[White "Bernat, Ernest"]
[Black "Masferrer Niubo, Enric"]
[Result "1/2-1/2"]
[WhiteElo "2101"]
[BlackElo "1996"]
[PlyCount "60"]
[EventDate "2014.07.13"]
[EventType "swiss"]
[EventRounds "9"]
[EventCountry "ESP"]
[Source "lmi"]
[SourceDate "2014.07.13"]

1. e4 d6 2. d4 Nf6 3. Nc3 g6 4. f4 Bg7 5. Nf3 c5 6. d5 O-O 7. Be2 a6 8. a4 b6
9. O-O e6 10. dxe6 Bxe6 11. Ng5 Bc8 12. Bc4 Ra7 13. e5 Ne8 14. e6 fxe6 15.
Bxe6+ Kh8 16. Bxc8 Qxc8 17. Nd5 Bd4+ 18. Kh1 Qc6 19. c4 Ng7 20. Nf3 Bf6 21.
Nxf6 Rxf6 22. b3 Kg8 23. Re1 Re6 24. Ng5 Rxe1+ 25. Qxe1 Qe8 26. Qc3 Nc6 27. Bb2
Nd4 28. Nf3 Ngf5 29. Nxd4 Nxd4 30. Qd3 Qe2 1/2-1/2

[Event "16. Obert Internacional Sant Martí 2014"]
[Site "Barcelona ESP"]
[Date "2014.07.17"]
[Round "5.44"]
[White "Moreno Perez, Norberto"]
[Black "Castillo Escario, Yolanda"]
[Result "1-0"]
[WhiteElo "1962"]
[BlackElo "2029"]
[PlyCount "147"]
[EventDate "2014.07.13"]
[EventType "swiss"]
[EventRounds "9"]
[EventCountry "ESP"]
[Source "lmi"]
[SourceDate "2014.07.13"]

1. e4 e5 2. Bc4 Nf6 3. d3 Nc6 4. c3 Be7 5. Bb3 O-O 6. Nf3 d6 7. Nbd2 h6 8. Nf1
Be6 9. Bc2 d5 10. exd5 Nxd5 11. Ng3 f5 12. O-O Bd6 13. Re1 Qd7 14. a3 Qf7 15.
c4 Nf6 16. c5 Bxc5 17. Nxe5 Nxe5 18. d4 Rad8 19. Rxe5 Bxd4 20. Qe1 Bxe5 21.
Qxe5 Ng4 22. Qb5 c6 23. Qb4 Rd7 24. h3 Nf6 25. Qh4 Nd5 26. Rb1 f4 27. Ne4 g5
28. Qxh6 Bf5 29. Qxg5+ Qg6 30. Qxg6+ Bxg6 31. f3 Re7 32. Kf2 Re6 33. b4 Ne3 34.
Bb3 Nd5 35. Nc5 Re7 36. Rb2 b6 37. Na4 Kh7 38. b5 cxb5 39. Bxd5 bxa4 40. Rb4
Re5 41. Bb7 b5 42. Bxf4 Rc5 43. Bd6 Rc2+ 44. Kg3 Rd8 45. Be5 Rdd2 46. f4 Bd3
47. Rd4 Bf5 48. Rb4 Rd3+ 49. Kh4 Rb3 50. Rd4 Rxa3 51. Kg5 Rd3 52. Kxf5 Rxd4 53.
Bxd4 b4 54. g4 b3 55. Be4 Rc7 56. g5 Kg8 57. Bb2 Rf7+ 58. Kg4 Rd7 59. f5 Rd2
60. Ba3 b2 61. Kf4 Rf2+ 62. Ke5 Rh2 63. Kd4 Rxh3 64. Bxb2 a3 65. Bc3 Kf8 66.
Bd5 Rh4+ 67. Ke5 Ra4 68. g6 Rg4 69. f6 Rg5+ 70. Kd4 Rg4+ 71. Kd3 Rg3+ 72. Kd2
Rxg6 73. Bb4+ Ke8 74. f7+ 1-0

[Event "16. Obert Internacional Sant Martí 2014"]
[Site "Barcelona ESP"]
[Date "2014.07.17"]
[Round "5.45"]
[White "Sonis, Francesco"]
[Black "Krotiuk, Daria"]
[Result "1-0"]
[WhiteElo "2029"]
[BlackElo "1924"]
[PlyCount "73"]
[EventDate "2014.07.13"]
[EventType "swiss"]
[EventRounds "9"]
[EventCountry "ESP"]
[Source "lmi"]
[SourceDate "2014.07.13"]

1. d4 Nf6 2. c4 c5 3. d5 b5 4. cxb5 a6 5. bxa6 g6 6. Nc3 Bxa6 7. e4 Bxf1 8.
Kxf1 d6 9. Nf3 Bg7 10. g3 O-O 11. Kg2 Nbd7 12. Qe2 Qa5 13. Bd2 Rfb8 14. Rhb1
Qc7 15. a4 Nb6 16. Ra2 Nfd7 17. Nb5 Qb7 18. b3 c4 19. bxc4 Nxa4 20. Nc3 Nxc3
21. Rxb7 Nxe2 22. Rxa8 Rxa8 23. Rxd7 Kf8 24. Rc7 Nd4 25. Bg5 Re8 26. c5 dxc5
27. Rxc5 Nb3 28. Rc7 Nd4 29. Rb7 Nc2 30. e5 f6 31. exf6 exf6 32. Bd2 Kg8 33. d6
Rd8 34. d7 Kf8 35. Ba5 Ke7 36. Bxd8+ Kxd8 37. Rb8+ 1-0

[Event "16. Obert Internacional Sant Martí 2014"]
[Site "Barcelona ESP"]
[Date "2014.07.17"]
[Round "5.46"]
[White "Saiz Rodrigo, Fernando"]
[Black "Marchador Villalba, Jordi"]
[Result "1-0"]
[WhiteElo "1917"]
[BlackElo "2025"]
[PlyCount "83"]
[EventDate "2014.07.13"]
[EventType "swiss"]
[EventRounds "9"]
[EventCountry "ESP"]
[Source "lmi"]
[SourceDate "2014.07.13"]

1. e4 Nf6 2. Nc3 e5 3. g3 d5 4. exd5 Nxd5 5. Bg2 Nxc3 6. bxc3 Bd6 7. Nf3 O-O 8.
O-O c6 9. d4 Qc7 10. Re1 Nd7 11. Rb1 h6 12. Qd3 Kh8 13. c4 exd4 14. Qxd4 f6 15.
Qh4 Ne5 16. Nxe5 Bxe5 17. Ba3 Rd8 18. Qh5 Be6 19. Kh1 Bxc4 20. f4 Bf7 21. Qf5
Bd6 22. Be4 Bg8 23. Bb2 Qd7 24. Qg6 Qf7 25. Qf5 Bc7 26. Bc3 Bb6 27. a4 Re8 28.
a5 Bd8 29. a6 Rb8 30. Red1 Qc4 31. Rxb7 Bb6 32. Bxf6 Rxb7 33. axb7 Qf7 34. Bd4
Qxf5 35. Bxf5 Bd5+ 36. Kg1 Bxd4+ 37. Rxd4 Re1+ 38. Kf2 Rb1 39. c4 Rb2+ 40. Ke1
g6 41. cxd5 cxd5 42. Bc8 1-0

[Event "16. Obert Internacional Sant Martí 2014"]
[Site "Barcelona ESP"]
[Date "2014.07.17"]
[Round "5.47"]
[White "Ramon Serrano, Francisco Javier"]
[Black "Colom Andres, Xavier"]
[Result "1-0"]
[WhiteElo "2022"]
[BlackElo "1905"]
[PlyCount "91"]
[EventDate "2014.07.13"]
[EventType "swiss"]
[EventRounds "9"]
[EventCountry "ESP"]
[Source "lmi"]
[SourceDate "2014.07.13"]

1. d4 d5 2. Nf3 Nf6 3. Bf4 c6 4. e3 Bg4 5. Be2 e6 6. O-O Bd6 7. Ne5 Bxe2 8.
Qxe2 Qc7 9. c4 Nbd7 10. Nxd7 Qxd7 11. Bxd6 Qxd6 12. Nd2 O-O 13. c5 Qc7 14. f4
b6 15. b4 bxc5 16. bxc5 Qa5 17. Nf3 Ne4 18. Rab1 f6 19. Rb7 Rfb8 20. Rfb1 Rxb7
21. Rxb7 Qc3 22. g4 g5 23. Kg2 Rf8 24. Qe1 Qc2+ 25. Kg1 Qxa2 26. h4 h6 27. hxg5
hxg5 28. Qf1 a5 29. Ne1 Qd2 30. Ng2 a4 31. Qf3 a3 32. Qh3 Qd1+ 33. Kh2 Qh1+ 34.
Kxh1 Nf2+ 35. Kh2 Nxh3 36. Kxh3 Ra8 37. Rb1 Kf7 38. Kg3 a2 39. Ra1 e5 40. f5 e4
41. Ne1 Ke7 42. Nc2 Ra4 43. Kf2 Kd7 44. Ke2 Kc7 45. Kd2 Kb7 46. Kc3 1-0

[Event "16. Obert Internacional Sant Martí 2014"]
[Site "Barcelona ESP"]
[Date "2014.07.17"]
[Round "5.48"]
[White "Beaskoa Estany, Gabriel"]
[Black "Inouss, Badr"]
[Result "0-1"]
[WhiteElo "1893"]
[BlackElo "2008"]
[PlyCount "84"]
[EventDate "2014.07.13"]
[EventType "swiss"]
[EventRounds "9"]
[EventCountry "ESP"]
[Source "lmi"]
[SourceDate "2014.07.13"]

1. e4 c5 2. Nf3 d6 3. Bb5+ Bd7 4. Bxd7+ Nxd7 5. O-O e6 6. Re1 Ne7 7. d4 cxd4 8.
Nxd4 a6 9. Bg5 Qb6 10. Nc3 h6 11. Bxe7 Bxe7 12. Na4 Qa5 13. Nc3 O-O 14. Nb3 Qc7
15. f4 Rac8 16. f5 Ne5 17. fxe6 fxe6 18. Kh1 b5 19. Nd4 Rf6 20. Rf1 Rcf8 21.
Rxf6 Rxf6 22. Qe2 Qb6 23. Nf3 Nxf3 24. gxf3 Qb8 25. Rf1 Qf8 26. Nd1 Bd8 27. Ne3
h5 28. Ng2 Qf7 29. f4 Kh8 30. Qf3 g5 31. f5 d5 32. Ne3 dxe4 33. Qxe4 Bb6 34.
Rd1 Bxe3 35. Rd8+ Kg7 36. Qc6 Bc5 37. Rd7 Be7 38. Qc7 Kf8 39. Qc8+ Qe8 40. Qb7
Rxf5 41. Rc7 Qf7 42. Rc8+ Kg7 0-1

[Event "16. Obert Internacional Sant Martí 2014"]
[Site "Barcelona ESP"]
[Date "2014.07.17"]
[Round "5.49"]
[White "Nadal Fajardo, Ricard"]
[Black "Quirhuayo, Gonzalo"]
[Result "0-1"]
[WhiteElo "1999"]
[BlackElo "1858"]
[PlyCount "56"]
[EventDate "2014.07.13"]
[EventType "swiss"]
[EventRounds "9"]
[EventCountry "ESP"]
[Source "lmi"]
[SourceDate "2014.07.13"]

1. e4 c5 2. Nf3 Nc6 3. Bb5 g6 4. O-O Bg7 5. c3 Nf6 6. Re1 O-O 7. d3 d6 8. Nbd2
e5 9. Nf1 Ne8 10. Ne3 Nc7 11. Ba4 f5 12. Bb3+ Kh8 13. Nd5 f4 14. h3 Ne6 15. Kh2
a5 16. a4 Ne7 17. g4 Nxd5 18. Bxd5 Nc7 19. Bb3 b6 20. Bc4 Bd7 21. Bd2 Bc6 22.
b4 axb4 23. cxb4 d5 24. exd5 Bxd5 25. Nxe5 Bxc4 26. dxc4 Qd4 27. Rc1 Qxf2+ 28.
Kh1 f3 0-1

[Event "16. Obert Internacional Sant Martí 2014"]
[Site "Barcelona ESP"]
[Date "2014.07.17"]
[Round "5.50"]
[White "Tateo, Ida"]
[Black "Newrkla, Katharina"]
[Result "0-1"]
[WhiteElo "1330"]
[BlackElo "2167"]
[PlyCount "82"]
[EventDate "2014.07.13"]
[EventType "swiss"]
[EventRounds "9"]
[EventCountry "ESP"]
[Source "lmi"]
[SourceDate "2014.07.13"]

1. e4 e5 2. Nf3 Nc6 3. Bb5 a6 4. Ba4 Nf6 5. O-O Be7 6. Re1 b5 7. Bb3 d6 8. c3
O-O 9. h3 Nb8 10. d4 Nbd7 11. a4 Bb7 12. d5 Nc5 13. a5 Nfxe4 14. Bc2 Nf6 15. b4
Ncd7 16. Bb3 c5 17. dxc6 Bxc6 18. Nbd2 Bd5 19. Nf1 Bxb3 20. Qxb3 Rc8 21. Ne3 g6
22. c4 bxc4 23. Nxc4 Qc7 24. Nfd2 d5 25. Ne3 d4 26. Nec4 Rb8 27. Ba3 Rb5 28.
Rac1 Qb7 29. Rb1 e4 30. Rb2 Rg5 31. g4 h5 32. Qg3 hxg4 33. h4 Rf5 34. Kh2 Nh5
35. Qxg4 Rxf2+ 36. Kg1 Rf4 37. Qh3 Rxh4 38. Nd6 Qc6 39. b5 axb5 40. Qb3 e3 41.
N2e4 Bxd6 0-1

[Event "16. Obert Internacional Sant Martí 2014"]
[Site "Barcelona ESP"]
[Date "2014.07.17"]
[Round "5.51"]
[White "Santolaria Pena, M."]
[Black "Castillo Dalmau, Albert"]
[Result "0-1"]
[WhiteElo "1902"]
[BlackElo "1695"]
[PlyCount "104"]
[EventDate "2014.07.13"]
[EventType "swiss"]
[EventRounds "9"]
[EventCountry "ESP"]
[Source "lmi"]
[SourceDate "2014.07.13"]

1. d4 Nf6 2. Nf3 e6 3. e3 b6 4. Bd3 Bb7 5. Nbd2 d5 6. Qe2 Be7 7. O-O Nbd7 8.
Re1 O-O 9. e4 dxe4 10. Nxe4 Bxe4 11. Bxe4 Nxe4 12. Qxe4 Nf6 13. Qe2 Rc8 14. c4
Re8 15. b3 Bb4 16. Bd2 Bxd2 17. Qxd2 c5 18. Rad1 Qc7 19. Qg5 h6 20. Qe5 Red8
21. dxc5 Qxe5 22. Nxe5 bxc5 23. f3 Kf8 24. Kf2 Ke8 25. Ke3 Nd7 26. f4 Nxe5 27.
fxe5 a5 28. Ke4 Rxd1 29. Rxd1 Rd8 30. Rd3 Rxd3 31. Kxd3 Kd7 32. a3 f6 33. exf6
gxf6 34. Kc3 f5 35. b4 cxb4+ 36. axb4 axb4+ 37. Kxb4 Kc6 38. g3 e5 39. Kc3 Kc5
40. Kd3 h5 41. h3 Kb4 42. h4 Kc5 43. Kc3 e4 44. Kb3 Kd4 45. c5 Kxc5 46. Kc3 Kd5
47. Kd2 Kd4 48. Ke2 e3 49. Ke1 Kd3 50. Kd1 e2+ 51. Ke1 Ke3 52. g4 f4 0-1

[Event "16. Obert Internacional Sant Martí 2014"]
[Site "Barcelona ESP"]
[Date "2014.07.17"]
[Round "5.52"]
[White "Gisbert Mir, Alejandro"]
[Black "Ruhlmann, Helene"]
[Result "1/2-1/2"]
[WhiteElo "1804"]
[BlackElo "1867"]
[PlyCount "80"]
[EventDate "2014.07.13"]
[EventType "swiss"]
[EventRounds "9"]
[EventCountry "ESP"]
[Source "lmi"]
[SourceDate "2014.07.13"]

1. d4 d5 2. c4 e6 3. Nc3 Be7 4. cxd5 exd5 5. Bf4 c6 6. e3 Nf6 7. h3 Bf5 8. Nf3
Qb6 9. Qc1 O-O 10. g4 Be4 11. Nxe4 Nxe4 12. Bd3 Qa5+ 13. Kf1 Nd7 14. a3 Rfe8
15. b4 Qd8 16. Bxe4 dxe4 17. Nd2 Bf6 18. Nc4 Be7 19. Qc2 Bf8 20. Kg2 Nb6 21.
Rhc1 Nd5 22. Bg3 Re6 23. Nd2 Nf6 24. Bh4 Qd5 25. Qc4 Qxc4 26. Nxc4 Nd5 27. Na5
Rb8 28. Bg3 Bd6 29. Bxd6 Rxd6 30. Nb3 Rd7 31. Rc2 f6 32. Rac1 Kf7 33. Rc4 h5
34. Nd2 Re7 35. Nb1 hxg4 36. hxg4 Ra8 37. Nc3 Nc7 38. Rc5 Ne6 39. Rh5 Ng5 40.
Rch1 Ke6 1/2-1/2

[Event "16. Obert Internacional Sant Martí 2014"]
[Site "Barcelona ESP"]
[Date "2014.07.17"]
[Round "5.53"]
[White "Paragliola, Gennaro"]
[Black "Romero Gamez, Francisco Javier"]
[Result "1/2-1/2"]
[WhiteElo "1560"]
[BlackElo "1795"]
[PlyCount "55"]
[EventDate "2014.07.13"]
[EventType "swiss"]
[EventRounds "9"]
[EventCountry "ESP"]
[Source "lmi"]
[SourceDate "2014.07.13"]

1. d4 d5 2. c4 e6 3. Nc3 Nf6 4. Bg5 Nbd7 5. e3 c6 6. Nf3 Qa5 7. Bxf6 Nxf6 8. c5
Ne4 9. Qa4 Qxa4 10. Nxa4 Be7 11. Bd3 f5 12. O-O O-O 13. Ne5 Bg5 14. Rfe1 Bf6
15. f3 Ng5 16. f4 Ne4 17. Nf3 Bd8 18. Nc3 Nxc3 19. bxc3 h6 20. Ne5 Bc7 21. Ng6
Rf6 22. Nh4 Bd7 23. c4 Rff8 24. Rab1 Rfb8 25. Re2 b6 26. cxb6 Rxb6 27. Rxb6
axb6 28. Rb2 1/2-1/2

[Event "16. Obert Internacional Sant Martí 2014"]
[Site "Barcelona ESP"]
[Date "2014.07.18"]
[Round "6.1"]
[White "Burmakin, Vladimir"]
[Black "Cori, Jorge"]
[Result "1/2-1/2"]
[WhiteElo "2590"]
[BlackElo "2608"]
[PlyCount "66"]
[EventDate "2014.07.13"]
[EventType "swiss"]
[EventRounds "9"]
[EventCountry "ESP"]
[Source "lmi"]
[SourceDate "2014.07.13"]

1. d4 Nf6 2. c4 g6 3. Nf3 Bg7 4. Nc3 d5 5. e3 O-O 6. Qb3 c6 7. Bd2 e6 8. Be2
Nbd7 9. O-O Ne4 10. Rfd1 Nxd2 11. Rxd2 Qe7 12. Qc2 b6 13. cxd5 cxd5 14. Nb5 a6
15. Qc6 Rb8 16. Nd6 Nf6 17. Rc2 Bd7 18. Qc7 Rfd8 19. Ne5 Bf8 20. Nexf7 Ne8 21.
Qc3 Nxd6 22. Nxd8 Qxd8 23. Qc7 b5 24. Qxd8 Rxd8 25. Rc7 Kf7 26. Ra7 Be7 27.
Rxa6 Rc8 28. Bd3 Nc4 29. Ra7 Nxb2 30. Bxb5 Bxb5 31. Rb7 Bc4 32. Rxb2 Ra8 33. a4
Ra7 1/2-1/2

[Event "16. Obert Internacional Sant Martí 2014"]
[Site "Barcelona ESP"]
[Date "2014.07.18"]
[Round "6.2"]
[White "Grigoryan, Karen H"]
[Black "Perez Mitjans, Orelvis"]
[Result "1-0"]
[WhiteElo "2592"]
[BlackElo "2414"]
[PlyCount "101"]
[EventDate "2014.07.13"]
[EventType "swiss"]
[EventRounds "9"]
[EventCountry "ESP"]
[Source "lmi"]
[SourceDate "2014.07.13"]

1. d4 d5 2. c4 c6 3. Nf3 Nf6 4. Qb3 g6 5. Bf4 Bg7 6. e3 O-O 7. Nc3 dxc4 8. Bxc4
Nbd7 9. h3 Nb6 10. Be2 Be6 11. Qc2 Nbd5 12. Be5 Bf5 13. Qb3 Qb6 14. Nd2 Qxb3
15. Nxb3 Nd7 16. Bxg7 Kxg7 17. Nxd5 cxd5 18. Kd2 Rfc8 19. Rhc1 Nf6 20. f3 b6
21. Ba6 Rxc1 22. Rxc1 Ne8 23. Bb7 Rd8 24. e4 Be6 25. e5 Kf8 26. g4 g5 27. Ke3
Rb8 28. Bc6 Rc8 29. Rc3 Ng7 30. Nc1 f5 31. Nd3 f4+ 32. Kd2 Bf7 33. Nb4 e6 34.
Bb5 Rxc3 35. Kxc3 a5 36. Na6 Ke7 37. Nc7 Kd8 38. Na8 Be8 39. Bxe8 Nxe8 40. Nxb6
Nc7 41. Na4 Na6 42. a3 h6 43. Nc5 Nxc5 44. dxc5 Kc7 45. b4 Kc6 46. a4 axb4+ 47.
Kxb4 Kc7 48. Kb5 Kb7 49. a5 d4 50. a6+ Ka7 51. c6 1-0

[Event "16. Obert Internacional Sant Martí 2014"]
[Site "Barcelona ESP"]
[Date "2014.07.18"]
[Round "6.3"]
[White "Matsenko, Sergei"]
[Black "Alarcon Casellas, Rolando"]
[Result "1/2-1/2"]
[WhiteElo "2474"]
[BlackElo "2378"]
[PlyCount "103"]
[EventDate "2014.07.13"]
[EventType "swiss"]
[EventRounds "9"]
[EventCountry "ESP"]
[Source "lmi"]
[SourceDate "2014.07.13"]

1. Nf3 Nf6 2. c4 e6 3. Nc3 d5 4. d4 c6 5. Qd3 dxc4 6. Qxc4 b5 7. Qd3 a6 8. a4
Bb7 9. Bg5 Nbd7 10. e3 b4 11. Ne4 c5 12. Bxf6 gxf6 13. dxc5 Nxc5 14. Nxc5 Bxc5
15. Rc1 Qxd3 16. Bxd3 Bd6 17. Ke2 Ke7 18. Rhd1 Rac8 19. g3 f5 20. Nd2 Rxc1 21.
Rxc1 Rc8 22. Rxc8 Bxc8 23. f4 Bc7 24. h3 a5 25. b3 h6 26. Kf2 e5 27. Bc4 Bb7
28. Bd3 Bc8 29. Be2 Bd7 30. Bf3 Be6 31. Bc6 exf4 32. gxf4 Kf6 33. Bb5 Bd5 34.
Bc4 Bb7 35. Nf1 Kg6 36. Ng3 Bd8 37. Ne2 Bh4+ 38. Kf1 Bf6 39. Nd4 Bxd4 40. exd4
Kf6 41. Kf2 Be4 42. Kg3 Ke7 43. Kf2 f6 44. Ke3 Bg2 45. h4 Kd6 46. Kd2 Be4 47.
Bd3 Bd5 48. Kc2 Be6 49. Bc4 Bc8 50. Kd2 Bb7 51. Bd3 Bd5 52. Bc4 1/2-1/2

[Event "16. Obert Internacional Sant Martí 2014"]
[Site "Barcelona ESP"]
[Date "2014.07.18"]
[Round "6.4"]
[White "Lorenzo De La Riva, Lazaro"]
[Black "Lopez Martinez, Josep Manuel"]
[Result "1/2-1/2"]
[WhiteElo "2426"]
[BlackElo "2548"]
[PlyCount "103"]
[EventDate "2014.07.13"]
[EventType "swiss"]
[EventRounds "9"]
[EventCountry "ESP"]
[Source "lmi"]
[SourceDate "2014.07.13"]

1. e4 c5 2. Nf3 e6 3. d4 cxd4 4. Nxd4 a6 5. c4 Nf6 6. Nc3 Bb4 7. Qd3 O-O 8. e5
Ne8 9. a3 Be7 10. Be2 Qc7 11. Bf4 d6 12. exd6 Bxd6 13. Bxd6 Qxd6 14. Rd1 Nf6
15. O-O Qc7 16. b4 b6 17. Nb3 Bd7 18. Qd6 Rc8 19. Qxc7 Rxc7 20. Rd6 Nc6 21.
Rfd1 Be8 22. f4 Kf8 23. Bf3 Ke7 24. g4 Rd8 25. Rxd8 Nxd8 26. Be2 h6 27. h4 Nb7
28. g5 Nd7 29. Ne4 hxg5 30. hxg5 f6 31. Re1 Bg6 32. Nbd2 a5 33. Kf2 Bxe4 34.
Nxe4 f5 35. Nd2 Nd6 36. Bd3 axb4 37. axb4 Ra7 38. Nf3 Ra2+ 39. Re2 Rxe2+ 40.
Kxe2 Nf7 41. Ke3 Kd6 42. Bc2 Nb8 43. Kd4 Nc6+ 44. Kc3 Nh8 45. Nh4 Ne7 46. Kd4
Nhg6 47. c5+ bxc5+ 48. bxc5+ Kc7 49. Nxg6 Nxg6 50. Ke3 Kc6 51. Bb3 Kxc5 52.
Bxe6 1/2-1/2

[Event "16. Obert Internacional Sant Martí 2014"]
[Site "Barcelona ESP"]
[Date "2014.07.18"]
[Round "6.5"]
[White "Martinez Alcantara, Jose Eduardo"]
[Black "Saptarshi, Roy"]
[Result "1-0"]
[WhiteElo "2295"]
[BlackElo "2449"]
[PlyCount "93"]
[EventDate "2014.07.13"]
[EventType "swiss"]
[EventRounds "9"]
[EventCountry "ESP"]
[Source "lmi"]
[SourceDate "2014.07.13"]

1. e4 c5 2. Nf3 a6 3. c3 d5 4. exd5 Qxd5 5. d4 Nf6 6. Be2 cxd4 7. cxd4 e6 8.
Nc3 Qd6 9. O-O Be7 10. Be3 Nc6 11. a3 O-O 12. Rc1 b5 13. Bd3 Bb7 14. Qe2 b4 15.
Ne4 Nxe4 16. Bxe4 f5 17. Bf4 Qxf4 18. Bxc6 Bxc6 19. Qxe6+ Kh8 20. Rxc6 Bf6 21.
Ne5 Bxe5 22. Qxe5 Qxe5 23. dxe5 bxa3 24. bxa3 f4 25. g4 h5 26. h3 hxg4 27. hxg4
Rfd8 28. Rc4 Rd5 29. Re1 Re8 30. e6 g5 31. Kg2 Re7 32. Rc6 Ra5 33. a4 Kg7 34.
Re4 Kf6 35. Kf3 Kg6 36. Ke2 Kf6 37. Rd6 Re8 38. e7+ Kf7 39. Rh6 Kg7 40. Rhe6
Kf7 41. R6e5 Rxe5 42. Rxe5 Rxe7 43. Rxe7+ Kxe7 44. Kd3 Ke6 45. Ke4 f3 46. a5
Kd6 47. Kf5 1-0

[Event "16. Obert Internacional Sant Martí 2014"]
[Site "Barcelona ESP"]
[Date "2014.07.18"]
[Round "6.6"]
[White "Peralta, Fernando"]
[Black "Huerga Leache, Mikel"]
[Result "1-0"]
[WhiteElo "2596"]
[BlackElo "2458"]
[PlyCount "65"]
[EventDate "2014.07.13"]
[EventType "swiss"]
[EventRounds "9"]
[EventCountry "ESP"]
[Source "lmi"]
[SourceDate "2014.07.13"]

1. Nf3 Nf6 2. c4 g6 3. Nc3 d5 4. cxd5 Nxd5 5. Qb3 Nb6 6. d4 Bg7 7. e4 O-O 8.
Be3 Bg4 9. Rd1 Bxf3 10. gxf3 e6 11. d5 Qf6 12. f4 exd5 13. e5 Qf5 14. Nxd5 Qe4
15. Rg1 Nxd5 16. Rxd5 a5 17. Rd4 Qb1+ 18. Rd1 Qe4 19. Rd4 Qb1+ 20. Rd1 Qe4 21.
Qc4 Qc6 22. h4 a4 23. a3 Ra5 24. h5 Qxc4 25. Bxc4 Kh8 26. Ke2 c5 27. Rh1 h6 28.
hxg6 fxg6 29. Rd6 b5 30. Bd3 Ra6 31. Bxc5 Rc8 32. Rxa6 Nxa6 33. Bd6 1-0